[Event "Nesis Rapid Cup"]
[Site "Kirishi RUS"]
[Date "2007.05.21"]
[Round "2.2"]
[White "Komarov, Dimitri"]
[Black "Janovsky, Sergey"]
[Result "1-0"]
[WhiteElo "2539"]
[BlackElo "2496"]
[PlyCount "76"]
[EventDate "2007.05.21"]
[EventType "tourn (rapid)"]
[EventRounds "10"]
[EventCountry "RUS"]
[EventCategory "13"]
[Source "lmi"]
[SourceDate "2007.05.21"]

1. d4 d5 2. c4 dxc4 3. e3 Nf6 4. Bxc4 e6 5. Nf3 a6 6. Qe2 c5 7. dxc5 Bxc5 8.
O-O O-O 9. e4 Re8 10. Nc3 b5 11. Bb3 Bb7 12. e5 Nfd7 13. Ne4 Be7 14. Rd1 Nc6
15. Neg5 Bxg5 16. Bxg5 Qc7 17. Bf4 Nf8 18. h4 Rad8 19. h5 h6 20. Rd6 Ne7 21.
Rc1 Qb8 22. Nd4 Nc8 23. Nc6 Bxc6 24. Rdxc6 a5 25. R6c5 Na7 26. a4 Rd4 27. Be3
Rb4 28. Rc7 Nc8 29. Qf3 Ne7 30. Ba7 Qd8 31. axb5 a4 32. Bd1 Nf5 33. Qc3 Rxb5
34. Bxa4 Rd5 35. Bxe8 Qxe8 36. Rc8 Qd7 37. Qb4 Rd1+ 38. Kh2 Ne7 1-0

[Event "Nesis Rapid Cup"]
[Site "Kirishi RUS"]
[Date "2007.05.21"]
[Round "2.3"]
[White "Novik, Maxim"]
[Black "Sakaev, Konstantin"]
[Result "0-1"]
[WhiteElo "2466"]
[BlackElo "2633"]
[PlyCount "66"]
[EventDate "2007.05.21"]
[EventType "tourn (rapid)"]
[EventRounds "10"]
[EventCountry "RUS"]
[EventCategory "13"]
[Source "lmi"]
[SourceDate "2007.05.21"]

1. Nf3 Nf6 2. c4 e6 3. g3 d5 4. Bg2 Be7 5. O-O O-O 6. b3 d4 7. e3 c5 8. exd4
cxd4 9. Re1 Nc6 10. d3 Nd7 11. Nbd2 e5 12. a3 a5 13. Rb1 Qc7 14. h3 h6 15. Qe2
f5 16. Qf1 Kh7 17. Bb2 Bd6 18. Nh4 Nc5 19. Bc1 g5 20. Nhf3 e4 21. dxe4 fxe4 22.
Nxe4 Nxe4 23. Rxe4 Bf5 24. Qe2 d3 25. Qxd3 Rae8 26. Nd2 Bc5 27. Bb2 Rd8 28. Qc3
Rxd2 29. Qxd2 Qxg3 30. Qc3 Qxf2+ 31. Kh1 Qxg2+ 32. Kxg2 Bxe4+ 33. Kh2 Rf2+ 0-1

[Event "Nesis Rapid Cup"]
[Site "Kirishi RUS"]
[Date "2007.05.21"]
[Round "3.1"]
[White "Sakaev, Konstantin"]
[Black "Alekseev, Evgeny"]
[Result "1/2-1/2"]
[WhiteElo "2633"]
[BlackElo "2679"]
[PlyCount "125"]
[EventDate "2007.05.21"]
[EventType "tourn (rapid)"]
[EventRounds "10"]
[EventCountry "RUS"]
[EventCategory "13"]
[Source "lmi"]
[SourceDate "2007.05.21"]

1. d4 Nf6 2. c4 e6 3. Nf3 c5 4. d5 b5 5. dxe6 fxe6 6. cxb5 d5 7. Nc3 Bb7 8. e4
d4 9. Na4 Bxe4 10. Bc4 Bd5 11. Bxd5 Qxd5 12. O-O Nbd7 13. Re1 Bd6 14. b4 cxb4
15. Nxd4 Kf7 16. Nxe6 Rhe8 17. Ng5+ Kg6 18. Be3 Ne5 19. Qc2+ Qd3 20. Qxd3+ Nxd3
21. Red1 Rad8 22. Nf3 Bb8 23. Nc5 Nxc5 24. Bxc5 Rxd1+ 25. Rxd1 Re2 26. Rd2 Re4
27. Rd4 Re2 28. Rd2 Re4 29. Bd4 Nd5 30. Kf1 Nc3 31. Bxc3 bxc3 32. Rc2 Rb4 33.
Rxc3 Rxb5 34. Rc2 Kf6 35. Ke2 Ra5 36. g3 Ra4 37. h4 h6 38. Ne1 Bd6 39. Nd3 g5
40. hxg5+ hxg5 41. Ke3 Ke6 42. Nc1 Kd5 43. Nb3 Re4+ 44. Kd3 Ra4 45. Rd2 Ke5 46.
Re2+ Kd5 47. Rc2 Ra3 48. Ke2 Ra4 49. Nd2 Bc5 50. Nf3 g4 51. Nd2 Bb6 52. Rb2 Kd4
53. Rc2 Kd5 54. Nb1 Re4+ 55. Kf1 Kd4 56. Nd2 Re7 57. Rc6 Rd7 58. Nb3+ Kd5 59.
Rf6 Rc7 60. Rf4 Rc2 61. a4 Rb2 62. a5 Bxf2 63. Rxf2 1/2-1/2

[Event "Nesis Rapid Cup"]
[Site "Kirishi RUS"]
[Date "2007.05.21"]
[Round "3.2"]
[White "Janovsky, Sergey"]
[Black "Novik, Maxim"]
[Result "1-0"]
[WhiteElo "2496"]
[BlackElo "2466"]
[PlyCount "91"]
[EventDate "2007.05.21"]
[EventType "tourn (rapid)"]
[EventRounds "10"]
[EventCountry "RUS"]
[EventCategory "13"]
[Source "lmi"]
[SourceDate "2007.05.21"]

1. e4 c6 2. d4 d5 3. f3 e6 4. Nc3 Qb6 5. a3 Nf6 6. e5 Nfd7 7. f4 c5 8. Nf3 Nc6
9. Be3 a6 10. dxc5 Bxc5 11. Bxc5 Nxc5 12. Qc1 O-O 13. Bd3 f6 14. exf6 Rxf6 15.
b4 Nxd3+ 16. cxd3 Nd4 17. Nxd4 Qxd4 18. Ne2 Qxd3 19. Qd2 Qxd2+ 20. Kxd2 Bd7 21.
g3 Bb5 22. Nd4 Bc4 23. Rae1 Kf7 24. Re5 a5 25. b5 Rd8 26. Rhe1 Rd6 27. a4 g6
28. Kc3 h6 29. h4 Rb6 30. Nf3 Rd6 31. R5e3 Ke7 32. Kd4 Rd8 33. Ne5 Rc8 34. Ng4
Re8 35. Nxf6 Kxf6 36. Kc5 Re7 37. Rd1 g5 38. hxg5+ hxg5 39. Re5 gxf4 40. gxf4
Rh7 41. Kd6 Re7 42. f5 Re8 43. Rxe6+ Rxe6+ 44. fxe6 Be2 45. Rd2 Bh5 46. Rxd5
1-0

[Event "Nesis Rapid Cup"]
[Site "Kirishi RUS"]
[Date "2007.05.21"]
[Round "5.3"]
[White "Komarov, Dimitri"]
[Black "Novik, Maxim"]
[Result "1/2-1/2"]
[WhiteElo "2539"]
[BlackElo "2466"]
[PlyCount "27"]
[EventDate "2007.05.21"]
[EventType "tourn (rapid)"]
[EventRounds "10"]
[EventCountry "RUS"]
[EventCategory "13"]
[Source "lmi"]
[SourceDate "2007.05.21"]

1. Nf3 Nf6 2. c4 g6 3. g3 b6 4. Bg2 Bb7 5. d4 Bg7 6. O-O O-O 7. b3 c5 8. Bb2
cxd4 9. Nxd4 Bxg2 10. Kxg2 Qc8 11. Nc3 Qb7+ 12. f3 a6 13. e4 d6 14. Qd2 1/2-1/2

[Event "Nesis Rapid Cup"]
[Site "Kirishi RUS"]
[Date "2007.05.22"]
[Round "7.2"]
[White "Janovsky, Sergey"]
[Black "Komarov, Dimitri"]
[Result "1/2-1/2"]
[WhiteElo "2496"]
[BlackElo "2539"]
[PlyCount "37"]
[EventDate "2007.05.21"]
[EventType "tourn (rapid)"]
[EventRounds "10"]
[EventCountry "RUS"]
[EventCategory "13"]
[Source "lmi"]
[SourceDate "2007.05.21"]

1. e4 e6 2. d4 d5 3. Nd2 c5 4. Ngf3 cxd4 5. Nxd4 Nc6 6. Nxc6 bxc6 7. Bd3 Qc7 8.
c4 Nf6 9. O-O Bd6 10. h3 O-O 11. cxd5 cxd5 12. exd5 Nxd5 13. Ne4 Bh2+ 14. Kh1
Bf4 15. Qh5 h6 16. Qh4 Bb7 17. Nc3 Bxc1 18. Raxc1 Qb6 19. b3 1/2-1/2

[Event "Nesis Rapid Cup"]
[Site "Kirishi RUS"]
[Date "2007.05.22"]
[Round "9.1"]
[White "Komarov, Dimitri"]
[Black "Alekseev, Evgeny"]
[Result "1/2-1/2"]
[WhiteElo "2539"]
[BlackElo "2679"]
[PlyCount "34"]
[EventDate "2007.05.21"]
[EventType "tourn (rapid)"]
[EventRounds "10"]
[EventCountry "RUS"]
[EventCategory "13"]
[Source "lmi"]
[SourceDate "2007.05.21"]

1. d4 Nf6 2. c4 e6 3. Nf3 c5 4. d5 b5 5. dxe6 fxe6 6. cxb5 d5 7. Nc3 Bb7 8. e4
d4 9. Na4 Bxe4 10. Bc4 Bd5 11. Bxd5 Qxd5 12. O-O Nbd7 13. Re1 h6 14. b4 cxb4
15. Nxd4 Kf7 16. Bb2 Re8 17. Qe2 Bd6 1/2-1/2